000 02919nam a2200313Ma 4500
005 20140903175121.0
008 021025s1635 fr fr 001 0 latsd
035 _a(OCoLC)804371746
040 _aEs-BaCBU
_bspa
_cSandra Yazo
_dSandra Yazo
041 0 _alat
082 0 4 _220
_a291.2
092 _aE29N048
100 1 _aSuárez, Francisco,
_961523
242 0 0 _aSobre la Parte Segunda de la Suma Teológica.
_bTomo segundo
_cFrancisco Suárez
_pTratado III. Sobre el alma. Completado con un abundante índice de conceptos y de términos.
_yspa
245 1 0 _cDoctoris Francisci Suarez ...
_aPartis Secundae summae Theologiae.
_bTomus Alter. Complectens Tractatum secundum De Opere sex dierum
_pTractatus tertius. De Anima. Accurato rerum et verborum índice locupletatus.
250 _aEditio secunda [Segunda edición]
260 _aLugduni [Lyon] (Francia)
_bsumpt. Gabrielis Boissat & sociorum [A expensas de Gabriel Boissat y Compañía]
_c1635.
300 _a2 tomos en 1 volumen. ([8], 310, [14] ; [4], 237, [14] páginas)
_c35 x 23 cm.
500 _aDetalles físicos: Incluye dos tomos en el volumen. Encuadernación rígida en cartón duro forrado en cuero, lomo con nervaduras sobre costuras y adornos en dorado. Rotura en el lomo. Guardas. Portada impresa en dos tintas con un marco decorativo de página entera. La segunda portada impresa en dos tintas con un grabado. Dedicatoria al P. Muzio Viteleschi. Palabras del jesuita Baltasar Álvarez a los lectores. Licencias y permisos. Privilegio del Rey de Francia (París, 1620). Adornos, cenefas, remates. Texto bien impreso en dos columnas, párrafos numerados y marcados con letras mayúsculas. Apostillas marginales y mayúsculas capitales. Signaturas y reclamos. Cortes pintados.
505 _aV.2-3: Tratado sobre la creación: Del Universo, en cuando hecho por una verdadera y propia creación de Dios ; Acerca de lo creado en cada uno de los seis días y del descanso en el día séptimo ; La creación del ser humano y el estado de inocencia ; La pérdida del estado de inocencia: el pecado de los primeros padres ; El estado que tendrían los hombres, en su vida terrenal, si los primeros padres no hubiesen pecado -- Tratado sobre el alma: La sustancia, esencia e información del alma racional ; Las potencias del alma en general, incluyendo la vida vegetativa ; Las potencias cognoscitivas y sensoriales ; La potencia intelectiva ; La potencia para desear (appetendi) y para cambiar de lugar ; La condición y el “estado” (status) del alma separada del cuerpo.
506 _aConsulta en sala.
546 _aTexto en latín.
650 7 _aCreación del universo
_xTeología
_912085
650 7 _aTeologia dogmàtica.
_xObras anteriores a 1800.
_961524
690 _942916
_aTeología
700 1 _aBoissat, Gabriel,
_961525
942 _cLIBRO
_e1
_2DEWEY
_h291.2
948 _hNO HOLDINGS IN COUDR - 1 OTHER HOLDINGS
999 _c243032
_d243032